Annuaire des entreprises du Burundi.
| Format: | Book |
|---|---|
| Published: |
[s.l]:
Chambre de Commerce d' Industrie, d' Agriculture et d' Artisanat du Burundi,
1999.
|
| Edition: | 1999 ed. |
| Subjects: |
| LEADER | 00487cam a2200145 7i4500 | ||
|---|---|---|---|
| 001 | 0000007279 | ||
| 005 | 19991215090000.0 | ||
| 090 | 0 | 0 | |a BURU 630.025 |b ANN |
| 245 | 0 | 0 | |a Annuaire des entreprises du Burundi. |
| 250 | 0 | 0 | |a 1999 ed. |
| 260 | 0 | 0 | |a [s.l]: |b Chambre de Commerce d' Industrie, d' Agriculture et d' Artisanat du Burundi, |c 1999. |
| 300 | # | # | |a 76 p. |
| 650 | 0 | 0 | |a Agriculture -- |x Directories -- |z Burundi |
| 651 | 0 | 0 | |a Burundi |
| 999 | |a 0000010741 |b Directories |c Countries |e Business Information Centre | ||